000 00264nam a22001217a 4500
003 OSt
008 231114b |||||||| |||| 00| 0 eng d
041 _aeng
100 _aDamodaran, K
_95596
245 _aKerala Charithram Vol.1
300 _a320pages.
942 _cBK
999 _c17809
_d17809